ՀՀ Գիտությունների ազգային ակադեմիայի հիմնարար գիտական գրադարան  =   Fundamental Scientific Library of NAS RA

Применение интегральных схем в устройствах автоматики и телемеханики : (Record no. 306810)

MARC details
000 -LEADER
fixed length control field 00797nam a2200193 a 4500
001 - CONTROL NUMBER
control field 000865355
003 - CONTROL NUMBER IDENTIFIER
control field AM-YeHGA
005 - DATE AND TIME OF LATEST TRANSACTION
control field 20250617145133.0
008 - FIXED-LENGTH DATA ELEMENTS--GENERAL INFORMATION
fixed length control field 120207s1973 ||| r 000 0 rus d
040 ## - CATALOGING SOURCE
Original cataloging agency AM-YeHGA
041 0# - LANGUAGE CODE
Language code of text/sound track or separate title rus
090 ## - LOCALLY ASSIGNED LC-TYPE CALL NUMBER (OCLC); LOCAL CALL NUMBER (RLIN)
-- 308518
245 00 - TITLE STATEMENT
Title Применение интегральных схем в устройствах автоматики и телемеханики :
Remainder of title Тезисы докладов научно-технической конференции /
Statement of responsibility, etc. Кабард.-Балкар. обл. совет НТО.
260 ## - PUBLICATION, DISTRIBUTION, ETC.
Place of publication, distribution, etc. Нальчик :
Name of publisher, distributor, etc. Эльбрус,
Date of publication, distribution, etc. 1973.
300 ## - PHYSICAL DESCRIPTION
Extent 120 с. :
Other physical details ил.
504 ## - BIBLIOGRAPHY, ETC. NOTE
Bibliography, etc. note Библиогр. : с. 119
653 0# - INDEX TERM--UNCONTROLLED
Uncontrolled term Интегральные схемы
653 0# - INDEX TERM--UNCONTROLLED
Uncontrolled term Автоматика и телемеханика
Holdings
Withdrawn status Lost status Damaged status Not for loan Collection Home library Current library Date acquired Total checkouts Full call number Barcode Date last seen Price effective from Koha item type Public note
        General Fundamental Scientific Library Fundamental Scientific Library 09/01/2017   PII/313671 FL0217348 09/01/2017 09/01/2017 Գրքեր / Books 30 Days Loan


ՀՀ ԳԱԱ հիմնարար գիտական գրադարան
ՀՀ,Երևան 0019
Մարշալ Բաղրամյան 24/6
հեռախոս:(374-10) 52-47-50
Հետադարձ կապ

All site content, except where otherwise noted, is licensed under a
Creative Commons License